00230nam a22000857a 4500020001500000100001800015245006400033260003600097300001100133 a1564587185 aAngela Wilkes aThe Big Book Of : Dinosaurs A First Book For Young Children aU.S.AbDorling Kindersleyc1994 a32 pgs